| 000 | 00888nam a22002657a 4500 | ||
|---|---|---|---|
| 001 | 21275 | ||
| 003 | BD-RjUL | ||
| 005 | 20211209000652.0 | ||
| 008 | 140304r19761968ii a 001 0 eng d | ||
| 035 | _a(BD-RjUL) 21339 | ||
| 040 |
_aBD-RjUL _beng _cBD-RjUL |
||
| 041 | _aeng | ||
| 082 |
_a537.12 _bJOE 1976 _223 |
||
| 100 | 1 |
_aJordan, Edwrd C. _965777 |
|
| 245 |
_aElectromagnetic waves and radiating systems / _cEdward C Jordan; Keith George Balmain |
||
| 250 | _a2nd ed. | ||
| 260 |
_aNew Delhi : _bPrentice Hall, _cc1968 [Reprinted 1976]. |
||
| 300 |
_axiii, 753 p. : _bill. ; _c24 cm. |
||
| 490 | 1 | _aPrentice-Hall electrical engineering series | |
| 504 | _aIncludes bibliographical references and index. | ||
| 650 | 0 |
_a Electromagnetic waves. _965778 |
|
| 700 | 1 |
_aBalmain, Keith G. _965779 |
|
| 830 |
_aPrentice-Hall electrical engineering series _9159643 |
||
| 942 |
_2ddc _cBK |
||
| 999 |
_c21275 _d21275 |
||